| 000 | 00705nam a2200169Ia 4500 | ||
|---|---|---|---|
| 008 | 090201s9999 xx 000 0 und d | ||
| 010 | _aKPL-22983 | ||
| 040 | _bमराठी | ||
| 041 | _aमराठी | ||
| 082 |
_a4713 _b22983 |
||
| 100 | _aलिला गोखले | ||
| 245 |
_a"जपान,पाकिस्तान,चिन व इस्त्रायलची शिक्षणपद्वती" _cलिला गोखले |
||
| 260 |
_c2004 _bनुतन प्रकाशन |
||
| 300 |
_a232 _bमोठा |
||
| 600 | _a"जपान,पाकिस्तान,चिन व इस्त्रायलची शिक्षणपद्वती" | ||
| 942 | _cBOOK | ||
| 999 |
_c205723 _d205723 |
||